[Event "Heusenstamm Sparkassen op-A 4th"]
[Site "Heusenstamm"]
[Date "2017.11.26"]
[Round "6"]
[White "Bayer, Martin"]
[Black "Lesny, Florian"]
[Result "1/2-1/2"]
[WhiteElo "1760"]
[BlackElo "2041"]
[PlyCount "46"]
[EventDate "2017.11.23"]
[EventType "swiss"]
[EventRounds "7"]
[EventCountry "GER"]
[SourceTitle "EXT 2019"]
[Source "ChessBase"]
[SourceDate "2018.10.10"]
[SourceVersion "1"]
[SourceVersionDate "2018.10.10"]
[SourceQuality "1"]

1. d4 d5 2. Nf3 Nf6 3. Bf4 e6 4. e3 c5 5. c3 Nc6 6. Be2 Bd6 7. Bxd6 Qxd6 8. Nbd2 0-0 9. 0-0 b6 10. Re1 Bb7 11. Bd3 e5 12. dxe5 Nxe5 13. Nxe5 Qxe5 14. Nf3 Qe7 15. Qc2 Rad8 16. Rad1 Rfe8 17. Bb5 Nd7 18. Qf5 a6 19. Bd3 g6 20. Qf4 Ne5 21. Nxe5 Qxe5 22. Qxe5 Rxe5 23. Re2 Re7 1/2-1/2

[Event "Heusenstamm Sparkassen op-A 4th"]
[Site "Heusenstamm"]
[Date "2017.11.24"]
[Round "2"]
[White "Calvi, Stefan"]
[Black "Bayer, Martin"]
[Result "1-0"]
[WhiteElo "2092"]
[BlackElo "1760"]
[PlyCount "111"]
[EventDate "2017.11.23"]
[EventType "swiss"]
[EventRounds "7"]
[EventCountry "GER"]
[SourceTitle "EXT 2019"]
[Source "ChessBase"]
[SourceDate "2018.10.10"]
[SourceVersion "1"]
[SourceVersionDate "2018.10.10"]
[SourceQuality "1"]

1. e4 e5 2. Nf3 Nc6 3. d4 exd4 4. Nxd4 Bc5 5. Nb3 Bb6 6. Nc3 Qf6 7. Qe2 Nge7 8. Be3 d6 9. 0-0-0 Be6 10. Nd5 Bxd5 11. exd5 Ne5 12. h3 0-0-0 13. Bxb6 axb6 14. Kb1 N7g6 15. Rd4 Rde8 16. Qd2 Re7 17. a4 Nd7 18. a5 bxa5 19. Qxa5 Nb6 20. Qd2 Re5 21. f4 Re7 22. Bb5 Nh4 23. Rd3 Re4 24. g3 Ng6 25. Re1 Rxe1+ 26. Qxe1 Qf5 27. Qa5 Ne7 28. Qa7 Nexd5 29. Na5 Nb4 30. Qxb7+ Kd8 31. Qb8+ Qc8 32. Qa7 Nxd3 33. Nc6+ Ke8 34. Qa3 Kf8 35. Qxd3 Nd7 36. g4 Nc5 37. Qd4 h5 38. g5 Qxh3 39. b4 Ne6 40. Qe4 Qg4 41. Nd8 g6 42. Nxe6+ Qxe6 43. Qd4 Kg8 44. Bc4 Qe7 45. f5 Kh7 46. fxg6+ fxg6 47. Qd5 Rf8 48. b5 Qe5 49. Qc6 Qe7 50. Qd5 h4 51. Bd3 Qe5 52. Qc4 Qxg5 53. Qxc7+ Kh6 54. Qxd6 Rf6 55. Qb8 h3 56. Qh8# 1-0

[Event "Heusenstamm Sparkassen op-A 4th"]
[Site "Heusenstamm"]
[Date "2017.11.23"]
[Round "1"]
[White "Bayer, Martin"]
[Black "Hess, Steffen"]
[Result "1/2-1/2"]
[WhiteElo "1760"]
[BlackElo "2027"]
[PlyCount "80"]
[EventDate "2017.11.23"]
[EventType "swiss"]
[EventRounds "7"]
[EventCountry "GER"]
[SourceTitle "EXT 2019"]
[Source "ChessBase"]
[SourceDate "2018.10.10"]
[SourceVersion "1"]
[SourceVersionDate "2018.10.10"]
[SourceQuality "1"]

1. e4 e6 2. d4 d5 3. exd5 exd5 4. Bd3 Nc6 5. c3 Bd6 6. Nf3 Nge7 7. 0-0 Bg4 8. Nbd2 Qd7 9. Re1 0-0-0 10. b4 Rdg8 11. a4 f6 12. b5 Nd8 13. Qb3 h5 14. Ba3 Bxa3 15. Qxa3 Re8 16. a5 Ne6 17. c4 dxc4 18. Bxc4 Nf5 19. b6 a6 20. bxc7 Nexd4 21. Nxd4 Nxd4 22. Qc3 Be2 23. Rab1 Re5 24. Nb3 Bxc4 25. Qxc4 Rxe1+ 26. Rxe1 Nxb3 27. Qxb3 Qxc7 28. Qb4 Rd8 29. g3 Qc6 30. h4 g5 31. hxg5 fxg5 32. Qe7 g4 33. Qe3 Qd5 34. Qc3+ Kb8 35. Re5 Qd1+ 36. Kg2 Qa4 37. Rxh5 Qe4+ 38. Kh2 Rf8 39. Kg1 Qb1+ 40. Kg2 Qe4+ 1/2-1/2

[Event "Korbach op 9th"]
[Site "Korbach"]
[Date "2017.10.22"]
[Round "7"]
[White "Bayer, Martin"]
[Black "Hoekstra, Peter"]
[Result "0-1"]
[WhiteElo "1732"]
[BlackElo "2074"]
[PlyCount "92"]
[EventDate "2017.10.19"]
[EventType "swiss"]
[EventRounds "7"]
[EventCountry "GER"]
[SourceTitle "CBM 181 Extra"]
[Source "ChessBase"]
[SourceDate "2017.12.12"]
[SourceVersion "1"]
[SourceVersionDate "2017.12.12"]
[SourceQuality "1"]

1. e4 c5 2. Nf3 g6 3. d4 cxd4 4. Nxd4 Nc6 5. Nc3 Bg7 6. Be3 Nf6 7. Be2 0-0 8. 0-0 d5 9. exd5 Nxd5 10. Nxd5 Qxd5 11. Bf3 Qc4 12. Nxc6 bxc6 13. c3 Rb8 14. Qd2 Be6 15. b3 Qxc3 16. Qxc3 Bxc3 17. Rac1 Bf6 18. Rxc6 a5 19. Bb6 Bd7 20. Rc7 Rxb6 21. Rxd7 Rc8 22. Bd5 Rc2 23. a4 Rd6 24. Rxd6 exd6 25. Rd1 Bd4 26. Rf1 Rd2 27. Bc4 Bc5 28. g3 d5 29. Bb5 Rb2 30. Bc6 d4 31. Bd5 d3 32. Bc4 d2 33. Rd1 Rc2 34. Kf1 Rc1 35. Ke2 Bb4 36. f3 Kf8 37. h4 f6 38. g4 g5 39. h5 h6 40. Bd5 Ke7 41. Be4 Kd6 42. Bd3 Ke5 43. Bc4 Kf4 44. Bd5 Rc3 45. Rf1 Re3+ 46. Kd1 Re1+ 0-1

[Event "Korbach op 9th"]
[Site "Korbach"]
[Date "2017.10.21"]
[Round "5"]
[White "Bayer, Martin"]
[Black "Launert, Martin"]
[Result "1-0"]
[WhiteElo "1732"]
[BlackElo "1879"]
[PlyCount "135"]
[EventDate "2017.10.19"]
[EventType "swiss"]
[EventRounds "7"]
[EventCountry "GER"]
[SourceTitle "CBM 181 Extra"]
[Source "ChessBase"]
[SourceDate "2017.12.12"]
[SourceVersion "1"]
[SourceVersionDate "2017.12.12"]
[SourceQuality "1"]

1. e4 e5 2. Nf3 Nc6 3. d4 exd4 4. Bc4 d6 5. Nxd4 Nf6 6. Nc3 Be7 7. 0-0 0-0 8. h3 Bd7 9. f4 a6 10. Be3 b5 11. Bd3 Nxd4 12. Bxd4 Bc6 13. a3 Bb7 14. Re1 c5 15. Bf2 Qc7 16. e5 Qc6 17. Be4 Nxe4 18. Nxe4 d5 19. Nd2 d4 20. Ne4 f5 21. exf6 Bxf6 22. Qg4 Rad8 23. Re2 d3 24. cxd3 Rxd3 25. Bxc5 Bc8 26. Qh5 g6 27. Qh6 Bg7 28. Qg5 Rf5 29. Qe7 Bf8 30. Qe8 Bd7 31. Qd8 Qc8 32. Qxc8 Bxc8 33. Bxf8 Rxf8 34. Rf1 Kg7 35. Kh2 h6 36. g3 g5 37. Nc5 Rd6 38. Kg2 Rf5 39. Ne4 Rd3 40. Rf3 Rxf3 41. Kxf3 Bb7 42. Kg4 Kg6 43. fxg5 hxg5 44. h4 Re5 45. Nc3 Bc8+ 46. Kf3 Rf5+ 47. Ke4 gxh4 48. gxh4 Bb7+ 49. Kd4 Kh5 50. Re5 Rxe5 51. Kxe5 Kxh4 52. Kd6 Kg5 53. Kc7 Bg2 54. Kb6 Bf1 55. b4 Kf5 56. Kxa6 Ke5 57. Nxb5 Kd5 58. a4 Kc6 59. Ka5 Kb7 60. Nd4 Bd3 61. b5 Bf1 62. Kb4 Ka7 63. a5 Kb7 64. Kc5 Bg2 65. a6+ Ka7 66. Nc6+ Ka8 67. b6 Bxc6 68. Kxc6 1-0

[Event "Korbach op 9th"]
[Site "Korbach"]
[Date "2017.10.19"]
[Round "1"]
[White "Bayer, Martin"]
[Black "Maar, Samuel"]
[Result "1/2-1/2"]
[WhiteElo "1732"]
[BlackElo "1998"]
[PlyCount "182"]
[EventDate "2017.10.19"]
[EventType "swiss"]
[EventRounds "7"]
[EventCountry "GER"]
[SourceTitle "CBM 181 Extra"]
[Source "ChessBase"]
[SourceDate "2017.12.12"]
[SourceVersion "1"]
[SourceVersionDate "2017.12.12"]
[SourceQuality "1"]

1. d4 Nf6 2. Nf3 g6 3. c4 Bg7 4. Nc3 0-0 5. e4 d6 6. Be2 Nc6 7. h3 e5 8. d5 Ne7 9. Be3 c6 10. 0-0 cxd5 11. cxd5 a6 12. Rc1 Nd7 13. Qc2 f5 14. exf5 Nxf5 15. Ne4 Nxe3 16. fxe3 Qb6 17. Qb3 Bh6 18. Nfg5 Qxb3 19. axb3 Nc5 20. Rc3 Bf5 21. Nxc5 dxc5 22. Nf3 Rad8 23. Kh1 Be4 24. Nxe5 Rxf1+ 25. Bxf1 Bg7 26. Rc4 Bxd5 27. Rxc5 b5 28. Nc6 Bxc6 29. Rxc6 Rd1 30. Kg1 Bh6 31. Kf2 Rd2+ 32. Be2 Rxb2 33. Rxa6 Rxb3 34. e4 Bf4 35. Bf3 Rb2+ 36. Ke1 b4 37. Rb6 Bg3+ 38. Kd1 Be5 39. Rb5 Bc3 40. Kc1 Kf7 41. Rb7+ Ke6 42. Rxh7 Ke5 43. Rd7 Ra2 44. Rd3 Bd4 45. Kb1 Rf2 46. Kc1 Bb2+ 47. Kd1 Bc3 48. Kc1 Bb2+ 49. Kd1 Bd4 50. Rd2 Rf1+ 51. Kc2 Ra1 52. Kb3 Rb1+ 53. Kc2 Rb2+ 54. Kd3 Rb3+ 55. Kc4 Rb1 56. Rd3 Bc3 57. Rxc3 bxc3 58. Kxc3 Rb6 59. Kd3 Rb3+ 60. Ke2 Kf4 61. Kf2 Rb2+ 62. Kg1 Kg3 63. Kf1 g5 64. Ke1 Kf4 65. Kf1 Ke3 66. Kg1 Rb1+ 67. Kh2 Kf2 68. Bg4 Re1 69. Bf3 Rg1 70. g4 Re1 71. Bh1 Re3 72. Bg2 Re2 73. Bh1 Kf1+ 74. Kg3 Kg1 75. Bf3 Re3 76. e5 Rxe5 77. h4 gxh4+ 78. Kxh4 Kf2 79. Bc6 Rc5 80. Bd7 Kf3 81. g5 Kf4 82. g6 Rg5 83. Be8 Rg1 84. Kh3 Rg3+ 85. Kh4 Re3 86. Bf7 Rg3 87. Be8 Rg1 88. Kh3 Kg5 89. Bf7 Kf4 90. Be8 Kf3 91. Kh4 Kf4 1/2-1/2

[Event "Eschborn op"]
[Site "Eschborn"]
[Date "2017.10.15"]
[Round "5"]
[White "Bayer, Martin"]
[Black "Litfin, Boris"]
[Result "0-1"]
[WhiteElo "1731"]
[BlackElo "1947"]
[PlyCount "94"]
[EventDate "2017.10.13"]
[EventType "swiss"]
[EventRounds "5"]
[EventCountry "GER"]
[SourceTitle "EXT 2019"]
[Source "ChessBase"]
[SourceDate "2018.10.10"]
[SourceVersion "1"]
[SourceVersionDate "2018.10.10"]
[SourceQuality "1"]

1. e4 e6 2. d4 d5 3. Nc3 Nf6 4. Bg5 Be7 5. e5 Nfd7 6. Bxe7 Qxe7 7. f4 a6 8. Nf3 c5 9. Qd2 Nc6 10. Be2 0-0 11. 0-0 cxd4 12. Nxd4 Qc5 13. Rad1 f6 14. exf6 Rxf6 15. Kh1 Nb6 16. f5 Nxd4 17. Qxd4 Qxd4 18. Rxd4 e5 19. Rd2 d4 20. Ne4 Rxf5 21. Rxf5 Bxf5 22. Nd6 Rf8 23. Nxb7 Bg4 24. Bxa6 Bc8 25. Kg1 Nd5 26. c3 Rf6 27. Nc5 Bxa6 28. Nxa6 Ne3 29. h3 Rxa6 30. cxd4 exd4 31. Rxd4 Rxa2 32. Kf2 Nf5 33. Rb4 Kf7 34. g4 Ne7 35. Rb7 Ke6 36. Kf3 h6 37. h4 g6 38. h5 Ra6 39. Rb8 g5 40. b4 Ke5 41. b5 Ra3+ 42. Kg2 Kf4 43. Rh8 Kxg4 44. Rxh6 Ra2+ 45. Kf1 Rb2 46. b6 Nf5 47. Rf6 Ng3+ 0-1

[Event "Eschborn op"]
[Site "Eschborn"]
[Date "2017.10.14"]
[Round "3"]
[White "Bayer, Martin"]
[Black "Bluebaum, Johanna"]
[Result "0-1"]
[WhiteElo "1731"]
[BlackElo "1931"]
[PlyCount "68"]
[EventDate "2017.10.13"]
[EventType "swiss"]
[EventRounds "5"]
[EventCountry "GER"]
[SourceTitle "EXT 2019"]
[Source "ChessBase"]
[SourceDate "2018.10.10"]
[SourceVersion "1"]
[SourceVersionDate "2018.10.10"]
[SourceQuality "1"]

1. e4 e6 2. d4 d5 3. e5 c5 4. c3 Nc6 5. Nf3 Nge7 6. a3 c4 7. Be2 Bd7 8. 0-0 Na5 9. Nbd2 Nc8 10. b3 Nxb3 11. Nxb3 Ba4 12. Nfd2 cxb3 13. Nxb3 Nb6 14. Rb1 Nc4 15. Qe1 b6 16. Bxc4 dxc4 17. Nd2 Bc2 18. Ra1 Bd3 19. f4 Bxf1 20. Qxf1 b5 21. Qf3 Rc8 22. Rb1 Qd7 23. Nf1 Be7 24. Ne3 a6 25. f5 Qc6 26. d5 exd5 27. Nxd5 Bc5+ 28. Kf1 0-0 29. Bf4 Rfd8 30. Rd1 Kh8 31. Bg5 Re8 32. Qg3 Qd7 33. Rd2 Qxf5+ 34. Bf4 Rxe5 0-1

[Event "Eschborn op"]
[Site "Eschborn"]
[Date "2017.10.14"]
[Round "2"]
[White "Ebeling, Gereon"]
[Black "Bayer, Martin"]
[Result "0-1"]
[WhiteElo "1490"]
[BlackElo "1731"]
[PlyCount "46"]
[EventDate "2017.10.13"]
[EventType "swiss"]
[EventRounds "5"]
[EventCountry "GER"]
[SourceTitle "EXT 2019"]
[Source "ChessBase"]
[SourceDate "2018.10.10"]
[SourceVersion "1"]
[SourceVersionDate "2018.10.10"]
[SourceQuality "1"]

1. e4 e5 2. Nf3 Nc6 3. c3 f5 4. exf5 e4 5. Qe2 d5 6. d3 Bxf5 7. dxe4 dxe4 8. Ng5 Nf6 9. f3 Qe7 10. fxe4 Nxe4 11. Nxe4 Qxe4 12. Bf4 0-0-0 13. Qxe4 Bxe4 14. Nd2 Bd5 15. Kf2 Bc5+ 16. Kg3 g5 17. Bxg5 Rhg8 18. Kh4 Bf2+ 19. g3 Rxg5 20. Bh3+ Kb8 21. Kxg5 Bxh1 22. Rxh1 Be3+ 23. Kf6 Bxd2 0-1

[Event "Rhein Main op-B 20th"]
[Site "Bad Homburg"]
[Date "2017.06.18"]
[Round "7"]
[White "Bayer, Martin"]
[Black "Pyshny, Anton"]
[Result "1-0"]
[WhiteElo "1751"]
[BlackElo "1672"]
[PlyCount "103"]
[EventDate "2017.06.14"]
[EventType "swiss"]
[EventRounds "7"]
[EventCountry "GER"]
[SourceTitle "EXT 2018"]
[Source "ChessBase"]
[SourceDate "2017.10.13"]
[SourceVersion "1"]
[SourceVersionDate "2017.10.13"]
[SourceQuality "1"]

1. e4 e5 2. Nf3 Nc6 3. Bc4 Bc5 4. Nc3 Nf6 5. d3 d6 6. Be3 Nd4 7. Ne2 Nxf3+ 8. gxf3 Bxe3 9. fxe3 Qe7 10. Nc3 Be6 11. Bxe6 Qxe6 12. Qe2 0-0-0 13. 0-0-0 Nd7 14. Rhg1 g6 15. Rg2 Nb6 16. Rdg1 f5 17. Rf1 fxe4 18. fxe4 Rdf8 19. Rgf2 Qe7 20. Kd2 Rxf2 21. Qxf2 a6 22. Qf6 Qxf6 23. Rxf6 Kd8 24. Rf7 g5 25. h3 h6 26. Ne2 Nd7 27. Ng3 Rf8 28. Rxf8+ Nxf8 29. Ke2 Ne6 30. Kf3 Ng7 31. Kg4 Ke7 32. Nf5+ Nxf5 33. exf5 Kf6 34. e4 c6 35. c4 b6 36. Kh5 d5 37. Kxh6 b5 38. cxd5 cxd5 39. b4 dxe4 40. dxe4 Kf7 41. Kxg5 Kg7 42. f6+ Kf7 43. Kf5 a5 44. Kxe5 axb4 45. Kf5 b3 46. axb3 b4 47. e5 Kf8 48. e6 Ke8 49. Kg6 Kf8 50. h4 Ke8 51. h5 Kf8 52. h6 1-0

[Event "Rhein Main op-B 20th"]
[Site "Bad Homburg"]
[Date "2017.06.15"]
[Round "3"]
[White "Bayer, Martin"]
[Black "Schindelmeiser, Frank"]
[Result "1/2-1/2"]
[WhiteElo "1751"]
[BlackElo "1957"]
[PlyCount "93"]
[EventDate "2017.06.14"]
[EventType "swiss"]
[EventRounds "7"]
[EventCountry "GER"]
[SourceTitle "EXT 2018"]
[Source "ChessBase"]
[SourceDate "2017.10.13"]
[SourceVersion "1"]
[SourceVersionDate "2017.10.13"]
[SourceQuality "1"]

1. e4 c5 2. Nf3 g6 3. d4 cxd4 4. Nxd4 Nc6 5. Nc3 Nf6 6. Be3 Bg7 7. Be2 0-0 8. Qd2 d5 9. exd5 Nxd5 10. Nxc6 bxc6 11. Nxd5 Qxd5 12. Qxd5 cxd5 13. 0-0-0 Rd8 14. c3 e5 15. Rd2 Bf5 16. Rhd1 d4 17. g4 Be6 18. Kb1 f5 19. f3 Re8 20. cxd4 exd4 21. Bf2 d3 22. Bxd3 fxg4 23. Be4 Rac8 24. Bxa7 gxf3 25. Bxf3 Bf5+ 26. Ka1 Re7 27. Bd4 Rd7 28. a3 Bh6 29. Be3 Rxd2 30. Bxd2 Bg7 31. Rc1 Rd8 32. Bc3 Rd3 33. Be2 Rh3 34. Bc4+ Kh8 35. Bxg7+ Kxg7 36. Rh1 Kf6 37. Ka2 Ke5 38. a4 Kd4 39. Bb3 Kc5 40. Rc1+ Kb6 41. Bd5 Rxh2 42. Ka3 Bc2 43. Bb3 Bxb3 44. Kxb3 g5 45. Rg1 Rh3+ 46. Kc2 h6 47. b3 1/2-1/2

[Event "GER-ch U25-A"]
[Site "Willingen"]
[Date "2017.06.08"]
[Round "7"]
[White "Bayer, Martin"]
[Black "Bilecen, Simon"]
[Result "1-0"]
[WhiteElo "1755"]
[BlackElo "1586"]
[PlyCount "91"]
[EventDate "2017.06.04"]
[EventType "swiss"]
[EventRounds "9"]
[EventCountry "GER"]
[SourceTitle "CBM 178 Extra"]
[Source "ChessBase"]
[SourceDate "2017.06.22"]
[SourceVersion "1"]
[SourceVersionDate "2017.06.22"]
[SourceQuality "1"]

1. e4 c5 2. Nf3 Nc6 3. d4 cxd4 4. Nxd4 Qb6 5. c3 e6 6. Qb3 Qxb3 7. Nxb3 Nf6 8. N1d2 Be7 9. Bd3 b6 10. 0-0 Bb7 11. Nc4 0-0 12. Bf4 d5 13. Ncd2 dxe4 14. Nxe4 Nxe4 15. Bxe4 f5 16. Bxc6 Bxc6 17. Nd4 Bd5 18. Rfe1 Rf6 19. Bg5 Rf7 20. Bxe7 Rxe7 21. Nxf5 Rf7 22. Ne3 Rd8 23. Nxd5 exd5 24. Rad1 Rfd7 25. Rd4 Kf7 26. f4 Re7 27. Rxe7+ Kxe7 28. Kf2 Kd6 29. c4 Kc5 30. Rxd5+ Rxd5 31. cxd5 Kxd5 32. Ke3 a5 33. Kd3 b5 34. g4 g6 35. h4 h5 36. gxh5 gxh5 37. b3 a4 38. Ke3 axb3 39. axb3 b4 40. Kd3 Ke6 41. Ke4 Kf6 42. f5 Kf7 43. Ke5 Ke7 44. f6+ Kf7 45. Kf5 Kg8 46. Kg6 1-0

[Event "GER-ch U25-A"]
[Site "Willingen"]
[Date "2017.06.06"]
[Round "4"]
[White "Bayer, Martin"]
[Black "Stockter, Jasper Enno"]
[Result "1-0"]
[WhiteElo "1755"]
[BlackElo "1572"]
[PlyCount "99"]
[EventDate "2017.06.04"]
[EventType "swiss"]
[EventRounds "9"]
[EventCountry "GER"]
[SourceTitle "CBM 178 Extra"]
[Source "ChessBase"]
[SourceDate "2017.06.22"]
[SourceVersion "1"]
[SourceVersionDate "2017.06.22"]
[SourceQuality "1"]

1. Nf3 Nf6 2. g3 g6 3. Bg2 Bg7 4. d4 0-0 5. c4 c6 6. Nc3 d5 7. 0-0 Ne4 8. Qb3 dxc4 9. Qxc4 Be6 10. Qd3 Nd6 11. b3 Nf5 12. Rd1 Na6 13. e4 Nd6 14. Bb2 Nc7 15. Rac1 Rc8 16. Na4 Ndb5 17. Qc2 Na6 18. Qe2 Qd7 19. Bf1 Bg4 20. d5 Bxf3 21. Qxf3 c5 22. Bxg7 Kxg7 23. Qe2 Nd4 24. Qb2 Kg8 25. Nxc5 Nf3+ 26. Kg2 Nxc5 27. Kxf3 Nxe4 28. Kxe4 Qf5+ 29. Ke3 Qg5+ 30. f4 Qf5 31. Kf2 Rxc1 32. Rxc1 Qxd5 33. Bg2 Qd7 34. Rc4 Rd8 35. Ke2 Qd3+ 36. Kf2 Qd1 37. Rc2 Qd7 38. Qc3 b6 39. Ke2 Qd1+ 40. Kf2 Qd6 41. Qe5 Qd1 42. Re2 e6 43. Kf3 Rd5 44. Qb2 h6 45. Qc2 Qd4 46. Re4 Qg1 47. h3 Kh7 48. Rc4 Rd7 49. h4 Qe1 50. Re4 1-0

[Event "GER-ch U25-A"]
[Site "Willingen"]
[Date "2017.06.04"]
[Round "1"]
[White "Todua, Anastasia"]
[Black "Bayer, Martin"]
[Result "0-1"]
[WhiteElo "1588"]
[BlackElo "1755"]
[PlyCount "84"]
[EventDate "2017.06.04"]
[EventType "swiss"]
[EventRounds "9"]
[EventCountry "GER"]
[SourceTitle "CBM 178 Extra"]
[Source "ChessBase"]
[SourceDate "2017.06.22"]
[SourceVersion "1"]
[SourceVersionDate "2017.06.22"]
[SourceQuality "1"]

1. e4 e5 2. Nf3 Nc6 3. Bb5 a6 4. Ba4 Nf6 5. Qe2 b5 6. Bb3 Be7 7. c3 d6 8. 0-0 0-0 9. Rd1 Bb7 10. d4 exd4 11. cxd4 d5 12. e5 Ne4 13. Nbd2 f5 14. exf6 Nxf6 15. Qe6+ Kh8 16. Nf1 Qd6 17. Ng5 Nd8 18. Qh3 h6 19. Nf3 Ne4 20. Ne3 Bc8 21. Qh5 c6 22. Bc2 Ne6 23. Nf5 Rxf5 24. Qe8+ Rf8 25. Qg6 Nf4 26. Qxd6 Bxd6 27. Re1 Nh3+ 28. gxh3 Rxf3 29. Bxe4 dxe4 30. Rxe4 Rxh3 31. Re8+ Kh7 32. Bd2 Bb7 33. Re6 Rd8 34. Rae1 c5 35. dxc5 Bxh2+ 36. Kf1 Rxd2 37. c6 Rf3 38. Kg2 Rdxf2+ 39. Kh1 Ba8 40. Rc1 Rh3 41. Rd1 Rc2 42. Rde1 Rxc6 0-1

[Event "Eschborn op"]
[Site "Eschborn"]
[Date "2016.09.04"]
[Round "4"]
[White "Bayer, Martin"]
[Black "Bayer, Melissa"]
[Result "1-0"]
[WhiteElo "1660"]
[BlackElo "1439"]
[PlyCount "111"]
[EventDate "2016.09.02"]
[EventType "swiss"]
[EventRounds "5"]
[EventCountry "GER"]
[SourceTitle "EXT 2018"]
[Source "ChessBase"]
[SourceDate "2017.10.13"]
[SourceVersion "1"]
[SourceVersionDate "2017.10.13"]
[SourceQuality "1"]

1. e4 e5 2. Nf3 Nc6 3. d4 exd4 4. Bc4 Nf6 5. 0-0 Bc5 6. e5 d5 7. Bb5 Ne4 8. Nxd4 Bxd4 9. Qxd4 a6 10. Bxc6+ bxc6 11. Nc3 Bf5 12. Nxe4 Bxe4 13. c3 0-0 14. f3 Bg6 15. f4 Be4 16. f5 f6 17. e6 Qe7 18. b4 Qd6 19. Bf4 Qe7 20. g4 a5 21. a3 Ra6 22. bxa5 Rxa5 23. Qb4 Qxb4 24. axb4 Rxa1 25. Rxa1 Rc8 26. Ra7 Bf3 27. h3 Kf8 28. Kf2 Be4 29. Bxc7 g6 30. Bd6+ Kg8 31. Be7 gxf5 32. Bxf6 fxg4 33. Rg7+ Kf8 34. e7+ Ke8 35. Rg8+ Kd7 36. Rxc8 Bg6 37. Rd8+ Ke6 38. e8Q+ Bxe8 39. Rxe8+ Kxf6 40. hxg4 Kg5 41. Kg3 h5 42. Re5+ Kf6 43. Rxh5 Ke6 44. Kf4 Kd6 45. Rh6+ Kc7 46. g5 Kb6 47. g6 Kb5 48. g7 c5 49. g8Q d4 50. Qd5 dxc3 51. Qxc5+ Ka4 52. Rh3 Ka3 53. Rxc3+ Kb2 54. b5 Kb1 55. Qb4+ Ka1 56. Ra3# 1-0

[Event "Eschborn op"]
[Site "Eschborn"]
[Date "2016.09.02"]
[Round "1"]
[White "Bayer, Martin"]
[Black "Karimi, Farhad"]
[Result "1/2-1/2"]
[WhiteElo "1660"]
[BlackElo "2047"]
[PlyCount "68"]
[EventDate "2016.09.02"]
[EventType "swiss"]
[EventRounds "5"]
[EventCountry "GER"]
[SourceTitle "EXT 2018"]
[Source "ChessBase"]
[SourceDate "2017.10.13"]
[SourceVersion "1"]
[SourceVersionDate "2017.10.13"]
[SourceQuality "1"]

1. d4 c5 2. c3 Nf6 3. Nf3 cxd4 4. cxd4 d5 5. Nc3 Nc6 6. Bf4 Qa5 7. Qb3 Qb4 8. Qxb4 Nxb4 9. Rc1 a6 10. e3 Bf5 11. Ne5 Rc8 12. a3 Nc6 13. Na4 Nxe5 14. Rxc8+ Bxc8 15. Bxe5 Nd7 16. Bg3 a5 17. h4 e6 18. Bd3 b5 19. Nc3 Nb6 20. Kd2 Nc4+ 21. Kc2 f5 22. Ne2 Be7 23. Nf4 Kf7 24. Be2 g6 25. Ra1 Bd7 26. b3 Nxa3+ 27. Kb2 b4 28. Ba6 Ra8 29. Be2 Rc8 30. Rc1 Rxc1 31. Kxc1 Nb5 32. f3 Bd6 33. Kd2 Be8 34. Bxb5 Bxb5 1/2-1/2

[Event "Wiesbaden op 27th"]
[Site "Wiesbaden"]
[Date "2015.08.30"]
[Round "6"]
[White "Bayer, Martin"]
[Black "John, Volkmar"]
[Result "0-1"]
[WhiteElo "1357"]
[BlackElo "1809"]
[PlyCount "124"]
[EventDate "2015.08.27"]
[EventType "swiss"]
[EventRounds "7"]
[EventCountry "GER"]
[SourceTitle "EXT 2016"]
[Source "ChessBase"]
[SourceDate "2015.10.08"]
[SourceVersion "1"]
[SourceVersionDate "2015.10.08"]
[SourceQuality "1"]

1. e4 e5 2. Nf3 Nc6 3. Nc3 Nf6 4. Bc4 Bc5 5. d3 d6 6. Be3 Bb6 7. 0-0 Bg4 8. h3 Bh5 9. Bb5 0-0 10. Bxc6 bxc6 11. Bg5 Kh8 12. Kh2 Qe7 13. a4 h6 14. Be3 d5 15. Bxb6 cxb6 16. Kg1 Qb4 17. g4 dxe4 18. dxe4 Bg6 19. Nxe5 Bxe4 20. Nxe4 Qxe4 21. Nd3 Rad8 22. Re1 Qd4 23. b3 Rfe8 24. Rc1 Qd6 25. Kg2 Nd5 26. Qf3 f6 27. Qg3 Qxg3+ 28. Kxg3 Kg8 29. Kf3 Kf7 30. Rxe8 Rxe8 31. Re1 Rxe1 32. Nxe1 Ke6 33. Nd3 f5 34. Nf4+ Nxf4 35. Kxf4 g5+ 36. Ke3 Ke5 37. b4 b5 38. a5 f4+ 39. Kd3 Kd5 40. f3 a6 41. c3 c5 42. bxc5 Kxc5 43. Kd2 Kc4 44. Kc2 b4 45. cxb4 Kxb4 46. Kd3 Kxa5 47. Ke4 Kb4 48. Kf5 a5 49. Kg6 a4 50. Kxh6 a3 51. Kxg5 a2 52. Kxf4 a1Q 53. g5 Qg7 54. h4 Kc4 55. Kf5 Kd5 56. h5 Qf7+ 57. Kg4 Ke5 58. h6 Qg6 59. f4+ Ke4 60. f5 Qxf5+ 61. Kh5 Kf4 62. h7 Qxg5# 0-1

[Event "Wiesbaden op 27th"]
[Site "Wiesbaden"]
[Date "2015.08.29"]
[Round "4"]
[White "Bayer, Martin"]
[Black "Kuenitz, Klaus"]
[Result "1-0"]
[WhiteElo "1357"]
[BlackElo "1740"]
[PlyCount "97"]
[EventDate "2015.08.27"]
[EventType "swiss"]
[EventRounds "7"]
[EventCountry "GER"]
[SourceTitle "EXT 2016"]
[Source "ChessBase"]
[SourceDate "2015.10.08"]
[SourceVersion "1"]
[SourceVersionDate "2015.10.08"]
[SourceQuality "1"]

1. e4 e6 2. d4 d5 3. exd5 exd5 4. Nf3 Nf6 5. Bd3 Bg4 6. c3 Nbd7 7. Bf4 Be7 8. Nbd2 c6 9. h3 Bh5 10. 0-0 0-0 11. Qc2 Bg6 12. Rfe1 Re8 13. Re2 Qb6 14. Bxg6 hxg6 15. Bg5 Bd6 16. Rae1 Qc7 17. Qb3 Rxe2 18. Rxe2 Re8 19. Rxe8+ Nxe8 20. c4 dxc4 21. Nxc4 Ndf6 22. Nxd6 Nxd6 23. Bf4 Nfe4 24. Ne5 Qa5 25. f3 Qe1+ 26. Kh2 g5 27. Nd3 Qh4 28. g3 Qh6 29. Bxd6 Nxd6 30. Nf2 Qf6 31. Qe3 Kf8 32. Qe5 Qxe5 33. dxe5 Nc4 34. Nd3 Ke7 35. b3 Ne3 36. f4 gxf4 37. gxf4 b6 38. Kg3 c5 39. Kf3 Nf5 40. Ke4 Ke6 41. b4 c4 42. Nc1 b5 43. Ne2 a6 44. a3 g6 45. Nc3 Ne7 46. Kd4 Kf5 47. Ne2 Nc8 48. Ke3 Nb6 49. Nd4# 1-0

[Event "Wiesbaden op 27th"]
[Site "Wiesbaden"]
[Date "2015.08.28"]
[Round "2"]
[White "Bayer, Martin"]
[Black "Fischer, Patrick"]
[Result "1-0"]
[WhiteElo "1357"]
[BlackElo "1723"]
[PlyCount "91"]
[EventDate "2015.08.27"]
[EventType "swiss"]
[EventRounds "7"]
[EventCountry "GER"]
[SourceTitle "EXT 2016"]
[Source "ChessBase"]
[SourceDate "2015.10.08"]
[SourceVersion "1"]
[SourceVersionDate "2015.10.08"]
[SourceQuality "1"]

1. e4 c6 2. d4 d5 3. exd5 cxd5 4. Nf3 Nc6 5. Bd3 Nf6 6. c3 Bg4 7. h3 Bh5 8. 0-0 e6 9. Bg5 Be7 10. Nbd2 0-0 11. Qc2 Bg6 12. Rfe1 Bxd3 13. Qxd3 Qb6 14. Qc2 Rac8 15. Rac1 Rc7 16. Qb3 Qa6 17. Ra1 Na5 18. Qd1 Qb6 19. Qa4 Nc4 20. Nxc4 Rxc4 21. Qb3 Qa6 22. Ne5 Rc7 23. a4 Rfc8 24. Qb5 Qd6 25. Bf4 Nh5 26. Bh2 Qa6 27. Qxa6 bxa6 28. g4 Nf6 29. f3 Rb7 30. Nd3 Nd7 31. Rec1 Nb6 32. b3 Bg5 33. f4 Bf6 34. Nc5 Re7 35. g5 Bxd4+ 36. cxd4 Rec7 37. f5 Rc6 38. fxe6 fxe6 39. Bf4 Rf8 40. Nd3 Rxc1+ 41. Rxc1 g6 42. Rc7 Nc8 43. Be5 a5 44. Rg7+ Kh8 45. Rxg6+ Rf6 46. Bxf6# 1-0